000
00271nam a2200109Ia 4500
008
200302s9999 xx 000 0 und d
100
_a
Roger Yee
245
_a
Educational Environments No.3
260
_b
Visual Reference Publications Inc.,
260
_c
2007
300
_a
239
999
_c
3318
_d
3318